000 00540nam a2200169Ia 4500
003 GCL
008 140319s9999 xx 000 0 ara d
040 _aGCL /
_cGCL
082 0 4 _a327.9056
_bك د
100 1 _aكارتر، جيمى
245 1 0 _aدم ابراهيم: تأملات متبصرة فى احوال الشرق الاوسط /
_cكارتر، جيمى
300 _a216 ص
490 _aكتب مترجمة
_v0
650 0 4 _aالنزاع العربى الاسرائيلى
650 0 4 _aالشرق الاوسط
942 _2ddc
_cBK
999 _c46761
_d46761